Náklady a výnosy poľnohospodárskych výrobkov v SR za rok 2005 v triedení podľa výrobných oblastí

Tabuľky obsahujúce informatívne údaje o skutočne dosiahnutých nákladoch na výrobu rastlinných a živočíšnych komodít ako aj ďalšie ekonomické ukazovatele na posúdenie efektívnosti výroby za rok 2005. V tabuľkách sú uvedené výsledné (skutočné) kalkulácie hlavných plodín a kategórií zvierat, ako aj úda...

Descripción completa

Guardado en:
Detalles Bibliográficos
Autor principal: Kubanková, Mária
Otros Autores: Burianová, Viera
Formato: Capítulo de libro
Lenguaje:eslovaco
Materias:
Etiquetas: Agregar Etiqueta
Sin Etiquetas, Sea el primero en etiquetar este registro!

MARC

LEADER 00000naa$a2200000$$$4500
001 0049634
005 20231018091447.7
041 0 |a slo 
044 |a SK 
245 1 0 |a Náklady a výnosy poľnohospodárskych výrobkov v SR za rok 2005 v triedení podľa výrobných oblastí  |c Mária Kubanková, Viera Burianová 
520 |a Tabuľky obsahujúce informatívne údaje o skutočne dosiahnutých nákladoch na výrobu rastlinných a živočíšnych komodít ako aj ďalšie ekonomické ukazovatele na posúdenie efektívnosti výroby za rok 2005. V tabuľkách sú uvedené výsledné (skutočné) kalkulácie hlavných plodín a kategórií zvierat, ako aj údaje o ich výnosoch a hospodárskom výsledku, v triedení podľa výrobných oblastí a za Slovensko. 
610 2 0 |a výrobky poľnohospodárske 
610 2 0 |a náklady 
610 2 0 |a výnosy 
610 2 0 |a Slovensko 
610 2 0 |a 2005 
100 1 |a Kubanková, Mária 
700 1 |a Burianová, Viera